01245nam a2200241 i 450000100060000000300090000600500170001500700030003200800410003508000110007608000190008710000320010624504080013826000670054630000340061353000350064765000340068265100470071670000240076370000350078785200920082285600890091435462ES-MaACL20230906155131.0t|030213s1850 sp ||||1| spa d a016:33 a338.2(460)"18"1 aBona y Ureta, Juan Eloy de.10aClave de los economistas en el poder y en la oposición b: discurso económico-político / cescrito por Juan Eloy de Bona y Ureta ; introducción de Salvador Costanzo ; seguido de un catálogo [de todas las obras de Economía y Administración publicadas en España desde el siglo XVI hasta nuestros días] del mismo autor... ; y añadido de una carta y varios apuntes de Manuel de Colmeiro. aMadrid : b[s.n.], c1850 (fImp. de Francisco García Arias) aXVI, 1-27, 1-43 p. ; c20 cm. aDisponible en formato digital. 4aEconomía-vBibliografías. 4aEspaña-xPolítica económica-yS.XIX.1 aCostanzo, Salvador.1 aColmeiro, Manuel (d1818-1894)4 aES-MaACLjT-1-F-4 z- Enc. hol., falto de cub. original z- Enc. en un vol. facticio4 uhttp://bdh-rd.bne.es/viewer.vm?id=0000255790&page=1 zBiblioteca Digital Hispánica